000
00203 a2200097 4500
001
12056
100
_a
Adams, Cindy
245
_a
Pas Che baed kird
260
_a
_b
Sh Ghulam Ali
_c
090
_c
9308
_d
9308
942
_a
NUST-CAE
_c
M
_c
36165
999
_c
247129
_d
247129